|
|
|
|
| LEADER |
00000nam0a2200000 4500 |
| 001 |
75608 |
| 005 |
20240201170117.0 |
| 035 |
|
|
|a (RuTPU)RU\TPU\book\80642
|
| 090 |
|
|
|a 75608
|
| 100 |
|
|
|a 20050329d2005 m y0engy50 ba
|
| 101 |
0 |
|
|a eng
|
| 102 |
|
|
|a RU
|
| 105 |
|
|
|a a j 000zy
|
| 200 |
1 |
|
|a General Management
|e workbook
|f Tomsk Polytechnic University; сост. A. N. Dreval, M. V. Mitrofanova
|
| 210 |
|
|
|a Томск
|c Изд-во ТПУ
|d 2005
|
| 215 |
|
|
|a 34 p.
|c ил.
|
| 606 |
1 |
|
|a Менеджмент
|2 stltpush
|3 (RuTPU)RU\TPU\subj\42098
|9 61850
|
| 610 |
1 |
|
|a английский язык
|
| 610 |
1 |
|
|a учебные пособия
|
| 610 |
1 |
|
|a книги для чтения
|
| 610 |
1 |
|
|a экономика
|
| 610 |
1 |
|
|a управление
|
| 610 |
1 |
|
|a менеджмент
|
| 686 |
|
|
|a Ш143.21-923.8
|2 rubbk
|
| 686 |
|
|
|a У9(2)212я73
|2 rubbk
|
| 702 |
|
1 |
|a Dreval
|b A. N.
|c specialist in the field of management
|c Associate Professor of Tomsk Polytechnic University, Candidate of technical sciences
|f 1951-
|g Anatoly Nikolaevich
|3 (RuTPU)RU\TPU\pers\31950
|4 220
|9 16019
|
| 702 |
|
1 |
|a Mitrofanova
|b M. V.
|4 220
|
| 712 |
0 |
2 |
|a Tomsk Polytechnic University
|9 23443
|
| 801 |
|
1 |
|a RU
|b 63413507
|c 20050329
|g PSBO
|
| 801 |
|
2 |
|a RU
|b 63413507
|c 20160517
|g PSBO
|
| 942 |
|
|
|c BK
|